00416 2200145 4500001002100000008004200021035002000063245008400083100002200167260002500189300001300214020002200227084001200249990000900261INLIS000000000003897 I nd  a0010-0723000382 a25 Kisah Nyata Nabi Dan Rasulb25 Kisah Nyata Nabi Dan RasulcMB. Rahimsyah. AR aAR, MB. Rahimsyah aSolobCV. Bringin 55 a128 hlm. a978-602-864-415-0 a016 25K a3981